DAGAMAR : Defining Advertising Goods for Measles Advertising Results. (Record no. 2033)
[ view plain ]
| 000 -LEADER | |
|---|---|
| fixed length control field | 00615nam a2200205Ia 4500 |
| 003 - CONTROL NUMBER IDENTIFIER | |
| control field | BUBTL |
| 008 - FIXED-LENGTH DATA ELEMENTS--GENERAL INFORMATION | |
| fixed length control field | 151213s9999 xx 000 0 und d |
| 020 ## - INTERNATIONAL STANDARD BOOK NUMBER | |
| International Standard Book Number | 0-8442-3422-2 |
| 082 ## - DEWEY DECIMAL CLASSIFICATION NUMBER | |
| Classification number | 659.11/ D952d/ 1995 |
| 100 ## - MAIN ENTRY--PERSONAL NAME | |
| Personal name | Dutka, Solomon |
| 9 (RLIN) | 3129 |
| 245 ## - TITLE STATEMENT | |
| Title | DAGAMAR : Defining Advertising Goods for Measles Advertising Results. |
| Statement of responsibility, etc. | Solomon Dutka |
| 250 ## - EDITION STATEMENT | |
| Edition statement | 2nd |
| 260 ## - PUBLICATION, DISTRIBUTION, ETC. (IMPRINT) | |
| Place of publication, distribution, etc. | U S A |
| Name of publisher, distributor, etc. | N T C Business Books |
| Date of publication, distribution, etc. | c1995 |
| 300 ## - PHYSICAL DESCRIPTION | |
| Extent | [xii] , 129p . : |
| Other physical details | ill . ; 23cm . |
| 650 ## - SUBJECT ADDED ENTRY--TOPICAL TERM | |
| Topical term or geographic name as entry element | Marketing |
| 9 (RLIN) | 3130 |
| 700 ## - ADDED ENTRY--PERSONAL NAME | |
| Personal name | Solomon Dutka |
| 9 (RLIN) | 3129 |
| 856 ## - ELECTRONIC LOCATION AND ACCESS | |
| Password | 0 |
| Logon | 0 |
| Link text | Download |
| 942 ## - ADDED ENTRY ELEMENTS (KOHA) | |
| Source of classification or shelving scheme | |
| Koha item type | Books |
| Withdrawn status | Lost status | Source of classification or shelving scheme | Damaged status | Not for loan | Collection code | Permanent location | Current location | Shelving location | Date acquired | Inventory number | Total Checkouts | Full call number | Barcode | Date last seen | Copy number | Price effective from | Koha item type |
|---|---|---|---|---|---|---|---|---|---|---|---|---|---|---|---|---|---|
| Non-fiction | Bangladesh University of Business and Technology Library | Bangladesh University of Business and Technology Library | Marketing Stacks | 06/10/2020 | 2845 | 659.11/DUD | BUBTL-20032845 | 06/10/2020 | C-1 | 06/10/2020 | Books |
